NYT crossword constructors Quiz Stats

 Plays Quiz not verified by Sporcle

Challenge
Share
Tweet
Embed
Score 0/19 Timer 06:00
0 Plays Today
puzzles published constructor % Correct
118Brendan Emmett Quigley
67.4%
170Elizabeth C. Gorski
54.3%
245Manny Nosowsky
52.2%
122Patrick Berry
52.2%
76Peter Gordon
39.1%
137David J. Kahn
32.6%
67Frank Longo
30.4%
186Rich Norris
26.1%
182Nancy Salomon
21.7%
67Patrick Merrell
21.7%
puzzles published constructor % Correct
82Cathy Millhauser
17.4%
76Alan Arbesfeld
15.2%
99Joe DiPietro
13%
98Fred Piscop
13%
93Randolph Ross
10.9%
116Harvey Estes
8.7%
82Richard Silvestri
6.5%
68A.J. Santora
6.5%
116Gregory E. Paul
4.3%

You're not logged in!

Compare scores with friends on all Sporcle quizzes.
Join for Free
OR
Log In

You Might Also Like...

Show Comments

Extras

Top Quizzes Today


Score Distribution

Your Account Isn't Verified!

In order to create a playlist on Sporcle, you need to verify the email address you used during registration. Go to your Sporcle Settings to finish the process.

Report this User

Report this user for behavior that violates our Community Guidelines.

Details: